Saberes de una o un profesor en formación sobre la cueca

La presente investigación tiene como principal propósito de estudio los saberes de los estudiantes de pedagogía en música sobre un género musical. De este modo, todo el desarrollo y planteamiento de esta investigación se fundamenta en una interrogante que da sentido a todo lo explorado. Esta interro...

Full description

Bibliographic Details
Main Author: Sáez Mayorga, Jenniffer
Other Authors: Campillay Llanos, Marisol (profesor guía)
Format: Tesis
Language:Spanish
Published: Santiago, Chile Universidad Academia de Humanismo Cristiano 2020.
Subjects:
Online Access:Disponible en línea (PDF). Biblioteca Digital UAHC

MARC

LEADER 00000cmm a2200000 a 4500
001 046588
003 UAHC_CL
005 20220307115458.0
008 161229b2020 cl f 000 spa
040 |a UAHC_CL  |c UAHC_CL  |d UAHC_CL 
100 |a Sáez Mayorga, Jenniffer  |9 11662 
245 1 3 |a Saberes de una o un profesor en formación sobre la cueca  |c Jennifer Sáez Mayorga; profesor guía Marisol Campillay. 
260 |b Universidad Academia de Humanismo Cristiano  |c 2020.  |a Santiago, Chile 
300 |a cd room 
500 |a Tesis para optar al título de Profesor en Educación Musical y al grado de Licenciado en Educación. 
502 |a Tesis (Pedagogía en Educación Musical)--Universidad Academia de Humanismo Cristiano, 2020 
520 |a La presente investigación tiene como principal propósito de estudio los saberes de los estudiantes de pedagogía en música sobre un género musical. De este modo, todo el desarrollo y planteamiento de esta investigación se fundamenta en una interrogante que da sentido a todo lo explorado. Esta interrogante es la siguiente: ¿Cuáles son las concepciones y saberes de los estudiantes de pedagogía en música en relación a la cueca chilena?. 
653 |a Cueca 
653 |a Formación de profesores de música 
700 |a Campillay Llanos, Marisol  |e profesor guía  |9 785 
856 |u http://bibliotecadigital.academia.cl/xmlui/handle/123456789/5472  |y Disponible en línea (PDF). Biblioteca Digital UAHC  
900 |a TPEMU 37 
942 |c TS  |2 ddc 
952 |0 0  |1 0  |2 ddc  |4 0  |6 TPEMU_37_000000000000000  |7 0  |8 COMP  |9 93711  |a BS  |b BS  |c General  |d 2020-04-19  |l 0  |o TPEMU 37  |p 5929  |r 2022-10-14 00:00:00  |w 2020-04-19  |y TS 
999 |c 53332  |d 53332